000 00675nam a2200241 i 4500
001 000022356
003 DO-SdBNP
005 20240529122319.0
007 ta
008 101004s1981 dr 001 0 spa d
040 _aDO-SdBNP
_bspa
_cBNPHU
_erda
049 _aBNPD
082 4 _222
100 1 _aSosa Leyba, Armando,
_946117
_eautor
245 1 0 _aHistoria emocional de Neyba /
_cArmando Sosa Leyba.
264 _aSanto Domingo :
_bAlfa y Omega,
_c1981.
300 _a114 páginas ;
_c21 cm.
336 _2rdacontent
_atexto
_btxt
337 _2rdamedia
_asin mediación
_bn
338 _2rdacarrier
_avolumen
_bnc
590 _aInventariado, 2024/BT
942 _2ddc
_cLBS1
999 _c21854
_d21854